000 00756cam a22002658i 4500
001 016283859
003 OSt
005 20201128020951.0
008 130215t2013 xxka frd 001 0 eng d
020 _a0077145607
020 _a9780077145606
040 _aEG-ScBUE
082 0 0 _a330
_222
_bBEG
100 1 _aBegg, David K. H.,
_933770
245 1 0 _aFoundations of economics /
_bDavid Begg.
250 _a5th ed.
260 _aBerkshire, United Kingdom :
_bMcGraw-Hill Education,
_cc.2013.
300 _a407 p. :
_cill. (col.) ;
_b25 cm.
500 _aGlossary : p. 364-373.
500 _aIndex : p. 398-407.
650 0 _aEconomics
_9720
653 _bBUSECO
_cSeptember2013
_cOctober2014
655 _vtext book
_933728
942 _2ddc
_cBB
_k330 BEG
999 _c17558
_d17530